000 00769nam a22001937a 4500
999 _c60693
_d60693
005 20231009171321.0
008 231009s1985 gw ||||| |||| 00| 0 ger d
041 _ager
080 _a069 K-89
100 _aKunze, Max
_920042
245 _aAntikensammlung II-III :
_bDer altar von Pergamon. Hellenistische und römische Architektur
_cKunze, Max - Kastner, Volker.
264 _aBerlin,
_c1985.
300 _a96 p.:
_bill.;
_c23 cm.
653 _aპერგამონის საკურთხეველი
653 _aსიძველეთა კოლექცია
653 _aელინისტური და რომაული არქიტექტურა
700 _aKastner, Volker
_eავტორი
_920043
942 _2udc
_cBK